Indistractable: (Record no. 30556)
[ view plain ]
| 000 -LEADER | |
|---|---|
| fixed length control field | 00819nam a2200205 4500 |
| 008 - FIXED-LENGTH DATA ELEMENTS--GENERAL INFORMATION | |
| fixed length control field | 250902b |||||||| |||| 00| 0 eng d |
| 020 ## - INTERNATIONAL STANDARD BOOK NUMBER | |
| International Standard Book Number | 9781526625335 |
| 082 ## - DEWEY DECIMAL CLASSIFICATION NUMBER | |
| Classification number | 153.733 EYA |
| 100 ## - MAIN ENTRY--PERSONAL NAME | |
| Personal name | Eyal, Nir |
| 245 ## - TITLE STATEMENT | |
| Title | Indistractable: |
| Remainder of title | how to control your attention and choose your life |
| 260 ## - PUBLICATION, DISTRIBUTION, ETC. | |
| Place of publication, distribution, etc. | London: |
| Name of publisher, distributor, etc. | Bloomsbury Publication; |
| Date of publication, distribution, etc. | c2019. |
| 300 ## - PHYSICAL DESCRIPTION | |
| Extent | ix, 319p. |
| 500 ## - GENERAL NOTE | |
| General note | Includes bibliographical references and index. |
| 520 ## - SUMMARY, ETC. | |
| Summary, etc. | In Indistractable, Eyal reveals the hidden psychology driving us to distraction. He describes why solving the problem is not as simple as swearing off our devices: Abstinence is impractical and often makes us want more.<br/> |
| 600 ## - SUBJECT ADDED ENTRY--PERSONAL NAME | |
| Personal name | Distraction (Psychology) |
| 650 ## - SUBJECT ADDED ENTRY--TOPICAL TERM | |
| Topical term or geographic name entry element | Attention |
| 700 ## - ADDED ENTRY--PERSONAL NAME | |
| Personal name | Li, Julie |
| Relator term | Author |
| 942 ## - ADDED ENTRY ELEMENTS (KOHA) | |
| Source of classification or shelving scheme | Dewey Decimal Classification |
| Suppress in OPAC | No |
| Koha item type | Book |
| Withdrawn status | Lost status | Source of classification or shelving scheme | Damaged status | Not for loan | Home library | Current library | Date acquired | Total checkouts | Full call number | Barcode | Date last seen | Date last checked out | Price effective from | Koha item type |
|---|---|---|---|---|---|---|---|---|---|---|---|---|---|---|
| Dewey Decimal Classification | IMI Delhi | IMI Delhi | 02/09/2025 | 1 | 153.733 EYA | 22190 | 12/09/2025 | 02/09/2025 | 02/09/2025 | Book |